000 00498nam a22001695i 4500
001 53598
003 ES-MaACL
005 20230906162809.0
007 t|
008 960628s1845 fr ||||1| fre d
040 _aCAM
_bspa
_cCAM
100 1 _aFaucher, Léon.
_948937
245 1 0 _aEtudes sur l'Angleterre /
_cpar M. Léon Faucher.
260 _aParis :
_blibrairie de Guillaumin :
_béditeur du Journal des Economistes ...,
_c1845.
300 _a2 v. ;
_c22 cm.
852 _aES-MaACL
_jC-3004-5
999 _c53598
_d53598